Piotr Stawecki

Titel: Piotr Stawecki : z archiwum życia historyka wojskowości / pod redakcją Marka Jabłonowskiego
Beteiligt:
Festschrift für:
Veröffentlicht: Warszawa : Oficyna Wydawnicza Aspra-JR, 2017
Umfang: 436 Seiten : Illustrationen ; 23 cm
Format: Buch
Sprache: Polnisch
Schlagworte:
ISBN: 8375457493 ; 9788375457490
Buchumschlag
X
alg: 41916811
001A    $03004:25-10-17 
001B    $01999:16-12-17 $t11:43:02.000 
001C    $03004:11-12-17 $t13:47:30.000 
001D    $03004:11-12-17 
001U    $0utf8 
001X    $00 
002@    $0Aau 
002C    $aText $btxt $2rdacontent 
002D    $aohne Hilfsmittel zu benutzen $bn $2rdamedia 
002E    $aBand $bnc $2rdacarrier 
003@    $0419168117 
004A    $083-7545-749-3 
004A    $A978-83-7545-749-0 
006C    $01000035459 $aOCoLC 
007A    $0419168117 $aHEB 
007G    $0DE02075555619C6613B9CC12581F70040EF96 
009P    $qapplication/pdf $A2 $3Inhaltsverzeichnis $uhttp://scans.hebis.de/HEBCGI/show.pl?41916811_toc.pdf $mV:DE-603;B:DE-Mb50 
010@    $apol 
010E    $erda 
011@    $a2017 
013D    $RVeröffentlichung $#Gedächtnisschrift Festschrift $#Gedenkschrift $#Festschriften $74016928-5 $8Festschrift [Ts1] $9085039632 
021A    $aPiotr Stawecki $dz archiwum życia historyka wojskowości $hpod redakcją Marka Jabłonowskiego 
028C    $BHerausgeber $#Iablonovski, Marėk $#Jablonovski, M. $4edt $7103224963 $8Jabłonowski, Marek$Z1954- [Tp1] $913865025X 
028C    $BGefeierter $4hnr $7132422042 $8Stawecki, Piotr$Z1930-2015 [Tp1] $9183422449 
033A    $pWarszawa $nOficyna Wydawnicza Aspra-JR 
034D    $a436 Seiten 
034I    $a23 cm 
034M    $aIllustrationen 
044K    $7132422042 $8Stawecki, Piotr$Z1930-2015 [Tp1] $9183422449 

lok: 41916811 24

exp: 41916811 24 1 #EPN
201B/01 $011-12-17 $t13:49:12.000 
201C/01 $025-10-17 
201U/01 $0utf8 
203@/01 $01008747165 
208@/01 $a11-12-17 $bz 
209A/01 $a17.07592 $du $f050 $h17 07592 $x00 
209C/01 $a17.07592 K $h17 07592 K 
209G/01 $a73980690 $x00 
220C/01 $aho-sz 
247C/01 $8358050-7 Marburg, Bibliothek des Herder-Instituts Marburg $9102600961 

lok: 41916811 78

exp: 41916811 78 1 #EPN
201B/01 $025-08-20 $t08:18:37.000 
201C/01 $025-08-20 
201U/01 $0utf8 
203@/01 $01118432576 
208@/01 $a25-08-20 $be 
209A/01 $a/ $f000 $x00 
209A/01 $ab*p $x01 
220C/01 $apgar 
244Z/01 $#Generalgouvernement Polen $#Polska $#Rzeczpospolita Polska $#Polska Rzeczpospolita Ludowa $#Poland $#Pologne $#République Polonaise $#Generalne Gubernatorstwo w Polsce $#Polish People's Republic $#Polska Rzeczpospolita Polen $#PRL $#RP $#Polen Generalgouvernement $#Polska Generalgouvernement $#Besetzte Polnische Gebiete $#Besetztes Gebiet in Polen $#Okupowane Polskie Obszary $#Obszary Okupowane w Polsce $#Volksrepublik Polen $#Polska Rosyjska $#Republic Polen $#Respublika Pol'ša $#Pol'skaja Narodnaja Respublika $#République de Pologne $#Polen Links der Weichsel $#Polska po Lewej Stronie Wisły $#Lenkija $#Polija $#Gubernija Carstva Pol'skago $#Republik Polen $74046496-9 $8--Tg1--Polen $x01 $9085129801 
247C/01 $82080>Marburg/Lahn, Herder-Institut, Forschungsbibliothek, Bibliographieportal $9336309341
LEADER 00000cam a2200000 c 4500
001 419168117
003 DE-603
005 20171216114302.0
007 tu
008 171025s2017 xx |||| | u01||u|pol c
020 |a 8375457493 
020 |a 9788375457490 
035 |a (DE-599)HEB419168117 
040 |a DE-603  |b ger  |c DE-603  |d DE-603  |e rda 
041 |a pol 
245 0 0 |a Piotr Stawecki  |b z archiwum życia historyka wojskowości  |c pod redakcją Marka Jabłonowskiego 
264 1 |a Warszawa  |b Oficyna Wydawnicza Aspra-JR  |c 2017 
300 |a 436 Seiten  |b Illustrationen  |c 23 cm 
336 |a Text  |b txt  |2 rdacontent 
337 |a ohne Hilfsmittel zu benutzen  |b n  |2 rdamedia 
338 |a Band  |b nc  |2 rdacarrier 
600 1 7 |a Stawecki, Piotr  |d 1930-2015  |0 (DE-588)132422042  |0 (DE-603)183422449  |2 gnd 
655 7 |a Festschrift  |2 gnd-content  |0 (DE-588)4016928-5  |0 (DE-603)085039632 
700 1 |a Jabłonowski, Marek  |d 1954-  |e Herausgeber  |4 edt  |0 (DE-603)13865025X  |0 (DE-588)103224963  |2 gnd 
700 1 |a Stawecki, Piotr  |d 1930-2015  |e Gefeierter  |4 hnr  |0 (DE-603)183422449  |0 (DE-588)132422042  |2 gnd 
856 4 2 |m V:DE-603;B:DE-Mb50  |q application/pdf  |u http://scans.hebis.de/HEBCGI/show.pl?41916811_toc.pdf  |3 Inhaltsverzeichnis 
924 0 |9 Mb 50  |a (DE-603)1008747165  |b DE-Mb50  |c HES  |d c  |g 17.07592 
924 0 |9 2080  |a (DE-603)1118432576  |b DE-2080  |c HES  |d d  |g /